Y considerando... (Registro nro. 8808)

Detalles MARC
000 -LEADER
fixed length control field 00850nas a2200229 454500
001 - CONTROL NUMBER
control field 37181
005 - DATE AND TIME OF LATEST TRANSACTION
control field 20260407193509.0
008 - FIXED-LENGTH DATA ELEMENTS--GENERAL INFORMATION
fixed length control field 260407s1998####ag###########|||spa#d
003 - CONTROL NUMBER IDENTIFIER
control field AR-UNSa-BCEJYS
040 ## - CATALOGING SOURCE
Original cataloging agency AR-UNSa-BCEJYS
Language of cataloging spa
Transcribing agency AR-UNSa-BCEJYS
080 ## - UNIVERSAL DECIMAL CLASSIFICATION NUMBER
Universal Decimal Classification number 34
Common auxiliary subdivision Derecho
041 ## - LANGUAGE CODE
Language code of text/sound track or separate title spa
100 1# - MAIN ENTRY--PERSONAL NAME
Personal name Asociación de Magistrados y Funcionarios de la Justicia Nacional
245 10 - TITLE STATEMENT
Title Y considerando...
Name of part/section of a work publicación de la Asociación de Magistrados y Funcionarios de la Justicia Nacional
264 #1 - PRODUCTION, PUBLICATION, DISTRIBUTION, MANUFACTURE, AND COPYRIGHT NOTICE
Place of production, publication, distribution, manufacture Buenos Aires :
Name of producer, publisher, distributor, manufacturer Asociación de Magistrados y Funcionarios de la Justicia Nacional
Date of production, publication, distribution, manufacture, or copyright notice 1998
310 ## - CURRENT PUBLICATION FREQUENCY
Current publication frequency Frecuencia: Irregular
590 ## - LOCAL NOTE (RLIN)
Local note niveau_biblio:s niveau_hierar:1
650 ## - SUBJECT ADDED ENTRY--TOPICAL TERM
Topical term or geographic name entry element Derecho
650 ## - SUBJECT ADDED ENTRY--TOPICAL TERM
Topical term or geographic name entry element PODER JUDICIAL
856 41 - ELECTRONIC LOCATION AND ACCESS
Uniform Resource Identifier <a href="https://170.210.207.44/pmb/images/revistas/considerando.jpg">https://170.210.207.44/pmb/images/revistas/considerando.jpg</a>
Link text Imagen de portada
Electronic format type image/jpeg
942 ## - ADDED ENTRY ELEMENTS (KOHA)
Koha item type
Existencias
Withdrawn status Lost status Damaged status Not for loan Home library Current library Shelving location Date acquired Serial enumeration / chronology Total checkouts Full call number Barcode Date last seen Price effective from Koha item type
        Biblioteca Prof. Eusebio Cleto del Rey Biblioteca Prof. Eusebio Cleto del Rey   01/05/1999 Año 2, Nº 9 - mayo 1999   H34 CON 9 R19386 10/04/2026 10/04/2026 Numero
        Biblioteca Prof. Eusebio Cleto del Rey Biblioteca Prof. Eusebio Cleto del Rey   01/04/1999 Año 2, Nº 8 - ago. 1999   H34 CON 8 R19385 10/04/2026 10/04/2026 Numero
        Biblioteca Prof. Eusebio Cleto del Rey Biblioteca Prof. Eusebio Cleto del Rey   01/12/1998 Año 1, Nº 7 - dic. 1998   H34 CON 7 R19384 10/04/2026 10/04/2026 Numero
        Biblioteca Prof. Eusebio Cleto del Rey Biblioteca Prof. Eusebio Cleto del Rey   01/11/1998 Año 1, Nº 6 - nov. 1998   H34 CON 6 R19383 10/04/2026 10/04/2026 Numero
        Biblioteca Prof. Eusebio Cleto del Rey Biblioteca Prof. Eusebio Cleto del Rey   01/10/1998 Año 1, Nº 5 - oct. 1998   H34 CON 5 R19364 10/04/2026 10/04/2026 Numero